000 02940nam0a2200469 4500
001 RU\NLR\BIBL_A\011492539
005 20250630155038.0
020 _aRU
_b8005
_9Сводный каталог листовок первых лет Советской власти (25 октября (7 ноября) 1917 - 1925) Т.4 (Ч.1). Листовки советских, партийных, профсоюзных, комсомольских и других организаций губерний РСФСР
035 _a(NLR Aleph) 011492539
090 _a11952406
_c11952406
100 _a20171010j19220901|||y0rusy50 ca
101 0 _arus
102 _aRU
105 _ay z 000zy
135 _acrgn 008apada
200 1 _aОбъявление, 30 авг. 1922 г.
_e[о проведении "Недели добровольной явки на учет военнообязанных"
_eлистовка
_fНолинский уезд. комиссариат по военным делам]
210 _aНолинск
_c14-я Гос. тип. при Уисполкоме
_d1922, сент., 1
215 _a1 с.
_d10х19
300 _aПодписи: военный комиссар Агапитов; начмоб. Ложеницын; делопроизводитель Куклин
309 _aКопия
325 1 _aКопия доступна в Электронной библиотеке РНБ
517 1 _aО проведении "Недели добровольной явки на учет военнообязанных"
607 _aРСФСР
_jЛистовки
_xПолитика и управление
_y1917 - 1925
_92312782
_3RU\NLR\auth\6601609564
686 0 _aТ3(2)71-313,011
686 1 _aЦ35(2)713,011
702 1 _4720
_aАгапитов
_cуезд. воен. комиссар
_9181279
_3RU\NLR\AUTH\770181330
702 1 _4720
_aЛоженицын
_cвоен. деятель граждан. войны
_9181260
_3RU\NLR\AUTH\770181311
702 1 _4720
_aКуклин
_cделопроизводитель уезд. воен. комиссариата
_9181309
_3RU\NLR\AUTH\770181360
710 0 2 _aНолинский уездный комиссариат по военным делам
_9573567
_3RU\NLR\AUTH\880455089
711 1 2 _aНеделя добровольной явки на учет военнообязанных
_eНолинск
_f1922
_9573609
_3RU\NLR\AUTH\880455107
852 0 0 _aNLR
_bФЛ
_j27/11
856 0 _uhttps://vivaldi.nlr.ru/ll000078580/view
856 1 _uhttps://vivaldi.nlr.ru/ll000078580/cover
856 2 _uhttps://vivaldi.nlr.ru/ll000078580/text
942 _cBOOK
980 _aNB
981 2 1 _a(21) Листовки
_b(21) Листовки 1922 года